| 000 | 00382nam a2200133Ia 4500 | ||
|---|---|---|---|
| 008 | 231129s1979||||xx |||||||||||||| ||spa|| | ||
| 040 | _bspa | ||
| 082 | _a616.61 B737ne | ||
| 100 | _aBorrero R. Jaime | ||
| 245 | 0 | _aNefrología: Líquidos y electrolitos | |
| 260 | _c1979 | ||
| 264 | _aMedellín Colombia : Corporación para Investigaciones Biológicas | ||
| 942 |
_2ddc _cBKS |
||
| 999 |
_c21632 _d21632 |
||